000 01093cab a2200253 4500
001 ABS37514
008 090401t1987 xxu||||| |||| 00| 0 eng d
035 _a(Sirsi) u5041
041 _aeng
100 _aSpreull, W.J.
245 _aLandfill gas venting for agricultural restoration
260 _c1987
350 _a0
490 _aWaste Management and Research
_v5 1987 1-12(12)
520 _aReports on trials to restore to farmland a sand and gravel quarry at Great Sunnings , near Upminster in Essex following backfilling with industrial and commercial degradable waste. Previous experience shows that adverse effects of landfill gases causes crop damage and lowering of yields in the early years. To counteract this problem, the present trials involved the installation of a gas venting system designed to prevent the upward migration of landfill gases from fill into soil zones.
650 _aLANDFILL SITES
650 _aMETHANE GAS
650 _aRESTORATION
650 _aWASTE DISPOSAL
690 _aLAND
700 _aCullum, S.
942 _n0
948 _c04/03/1997
999 _c3028
_d3028